Ocultar al hijo quienes son sus padres genéticos es una clara vulneración de su identidad biológica (Registro nro. 22588)

000 -Cabecera
Campo de control interno 01324nam a2200217 4500
001 - Número de control
control field ESSALUD
005 - Fecha y hora de la última transacción
Campo de control 20260630194535.0
007 - Tipo material - Descripcion fisica - info general
Tipo material - Descripcion fisica - info general ta
008 - Elementos de Longitud Fija - Información General
Elementos de Longitud Fija - Información t pe ||||| |||| 00| 0 spa d
040 ## - Origen de la Catalogación
Origen de la Catalogación BMG
041 ## - Idioma
Idioma spa
100 ## - Autor
Autor Tribunal Constitucional
Rol del Autor Autor
9 (RLIN) 53009
245 ## - Titulo
Titulo Ocultar al hijo quienes son sus padres genéticos es una clara vulneración de su identidad biológica
300 ## - Páginas
Paginación páginas 164-191
520 ## - Resumen
Resumen El derecho a la identidad biológica o el derecho a conocer su origen biológico, es un derecho humano fundamental del menor y de cualquier persona, indistintamente de la edad que tenga, que busca conocer y saber sus raíces dadas por la naturaleza, y que debe estar por encima de los intereses de las personas que intervinieron para traerlo al mundo. Todo intento de ocultar la identidad de los padres genéticos podría ser una clara vulneración del derecho del hijo a la identidad biológica; aún más, el desconocimiento de esa verdad podría implicar un daño a su identidad
650 ## - Temas - Descriptores
Temas - Descriptores DERECHO A LA IDENTIDAD
9 (RLIN) 52968
650 ## - Temas - Descriptores
Temas - Descriptores IDENTIDAD BIOLÓGICA
9 (RLIN) 53013
650 ## - Temas - Descriptores
Temas - Descriptores DERECHOS HUMANOS
9 (RLIN) 478
773 0# - Revista (Relacion con el numero)
Host Biblionumber 22573
Host Itemnumber 22620
Ciudad, Editorial Lima Grupo Praxis Formación Profesional, 2026-
Codigo barras item/ejemplar PRA001
Titulo de la Revista Praxis Civil & Procesal Civil
Número de control de registro ESSALUD
ISSN 3119-7671
942 ## - Elementos de Koha
Tipo de Documento Artículos
Fecha procesamiento 2026-06-30
Catalogador sqb

No hay ítems disponibles.